banner-ar

ما الانفعال : (Record no. 62631)

MARC details
000 -الفاتح
حقل البيانات ثابتة الطول 01190nam a22002897a 4500
005 - وقت وتاريخ اخر تعامل مع التسجيلة
رقم الضبط 20240530110559.0
008 - عناصر البيانات ثابتة الطول - معلومات عامة
حقل البيانات ثابتة الطول 160903s2012 ua g 000 0dara d
017 ## - رقم الايداع القانونى
رقم الايداع القانونى 2011/5735
المصدر ( الهيئة المختصة) مصر . دار الكتب المصرية
020 ## - الرقم الدولى المعيارى للكتب
الرقم الدولى المعيارى للكتاب 9789777045483
040 ## - مصدر الفهرسة
وكالة الفهرسة الأصلية EG-CaGPL
082 04 - رقم تصنيف ديوى العشرى
رقم الطبعة 21
رقم التصنيف 152.4\
رقم المادة ك ا
100 1# - المدخل الرئيسى - إسم شخصى
الإسم الشخصى كاجان ، جيروم .
245 10 - بيان العنوان
العنوان ما الانفعال :
بقية العنوان التاريخ و القياس و المعانى /
بيان المسئوليه,etc تأليف: جيروم كاجان ؛ ترجمة محمد سعد محمد ، منال زكريا حسين ؛ مراجعة قدرى حفنى .
250 ## - بيان الطبعة
بيان الطبعة ط1،
260 ## - PUBLICATION, DISTRIBUTION, ETC. (IMPRINT)
تاريخ النشر أو التوزيع 2012 .
300 ## - الوصف المادى
التعداد 436 ص؛
أبعاد الوعاء 24 سم.
490 0# - بيان السلسلة
عنوان السلسلة المشروع القومى للترجمة
رقم المجلد/ التعيين التسلسلي 1911
504 ## - تبصرة ببليوجرافية
تبصرة ببليوجرافية,الخ ببليوجرافية : ص369 -433
650 04 - المدخل الاضافى بالموضوع-مصطلح موضوعى
مصطلح موضوعي الانفعالات النفسية .
650 04 - المدخل الاضافى بالموضوع-مصطلح موضوعى
مصطلح موضوعي الالم .
650 04 - المدخل الاضافى بالموضوع-مصطلح موضوعى
مصطلح موضوعي الدوافع .
650 04 - المدخل الاضافى بالموضوع-مصطلح موضوعى
مصطلح موضوعي التفريغ الانفعالى .
700 0# - المدخل الاضافى - اسم شخصى
الإسم الشخصى منال زكريا حسين
الدور مترجم .
700 0# - المدخل الاضافى - اسم شخصى
الإسم الشخصى قدرى حفنى
الدور مراجع .
942 ## - عناصر المدخل الإضافي( كوها)
مصدر التصنيف او مخطط الترفيف Dewey Decimal Classification
Koha [default] item type كتاب
260 ## - PUBLICATION, DISTRIBUTION, ETC. (IMPRINT)
-- القاهرة :
-- المركز القومى للترجمة ،
Holdings
حالة التراجع حالة الفقد حالة تلف ليس للاعارة المكان المؤقت الموقع الحالى تاريخ الاكتساب اجمالي اﻻعارات رقم الطلب الباركود تاريخ اخر مشاهدة تاريخ تفعيل السعر نوع وعاء كوها
        مكتبة القاهرة الكبرى مكتبة القاهرة الكبرى 09/03/2016   152.4\ ك ا 162417 09/03/2016 09/03/2016 كتاب

Powered By

EGPV